01143cam a22003854i 4500003000900000005001700009008004100026020001500067020001800082035002700100040004700127082001700174100002800191245005300219264006200272300003900334336002100373337002500394338002300419504004000442505011000482526001000592526001000602526001000612526001000622526000800632526000800640526000800648526000800656526000800664526000800672526000800680650002200688650004700710PE-LiUPU20250731172855.0000711s1997 miu b 000 0 eng d a0310213274 a9780310213277 a(Sirsi) i9780310213277 aE7BerdabspacE7BdOCLCOdOCLCFdPE-LiUPU04a242bY212201 aYancey, Philip,eautor.10aWhat's so amazing about grace? /cPhilip Yancey. aGrand Rapids, Mich. :bZondervan Publishing House,c1997. a292 páginas ;c24 centímetros. atext2rdacontent aunmediated2rdamedia avolume2rdacarrier aBibliografía : páginas 283-292. aHow sweet the sound -- Breaking the cycle of ungrace -- scent of scandal -- grace notes for a deaf world. aSEG42 aSEG41 aSEG40 aSEG39 aP94 aP87 aP86 aP85 aP77 aP76 aP35 0aGracia (Teologia) 7aGracia(Teologia)2fast0(OCoLC)fst00945759